Experience Minimizes the Pull-to-Center Effect in Newsvendor Decisions

Asymetrický efekt „pull-to-center“ pre predajcov noviniek je robustným zistením v operáciách a pochopenie toho, prečo predajcovia noviniek robia neoptimálne rozhodnutia, je kľúčom k identifikácii spôsobov, ako zlepšiť kvalitu rozhodovania v tejto kritickej úlohe.

Enregistré dans:
Détails bibliographiques
Auteur principal: Brokešová, Zuzana, 1985-
Autres auteurs: Deck, Cary, Péliová, Jana, 1976-
Format: Chapitre de livre
Langue:anglais
Sujets:
Tags: Ajouter un tag
Pas de tags, Soyez le premier à ajouter un tag!

MARC

LEADER 00000naa a2200000 4500
001 0308020
005 20260126152747.2
041 0 |a eng 
044 |a US 
245 1 0 |a Experience Minimizes the Pull-to-Center Effect in Newsvendor Decisions  |c Zuzana Brokešová, Cary Deck, Jana Péliová 
520 |a Asymetrický efekt „pull-to-center“ pre predajcov noviniek je robustným zistením v operáciách a pochopenie toho, prečo predajcovia noviniek robia neoptimálne rozhodnutia, je kľúčom k identifikácii spôsobov, ako zlepšiť kvalitu rozhodovania v tejto kritickej úlohe. 
610 2 0 |a rozhodovanie 
610 2 0 |a predajcovia 
610 2 0 |a väzba spätná 
100 1 |a Brokešová, Zuzana, 1985- 
700 1 |a Deck, Cary 
700 1 |a Péliová, Jana, 1976-